| 000 | 00850nam a2200241 a 4500 | ||
|---|---|---|---|
| 005 | 20200104041539.0 | ||
| 008 | 140310b2003 cu ||||| |||| 00| 0 spa d | ||
| 040 |
_aCO-BoIAVH _cCO-BoIAVH |
||
| 041 | _aspa | ||
| 044 | _acu | ||
| 090 |
_aLB _b03054 |
||
| 111 |
_aTaller Regional de Expertos sobre Bienes y Servicios Ambientales _cLa Habana _dmarzo 24-25, 2003 _941633 |
||
| 245 |
_aLiberalización del Comercio en Bienes y Servicios Ambientales _bDesafíos y Oportunidades para América Latina y el Caribe |
||
| 260 |
_aLa Habana _bUNCTAD _bCEPAL _c2003 |
||
| 300 | _a288 paginas | ||
| 650 |
_aServicios ambientales _941634 |
||
| 650 |
_aValoración ambiental _97515 |
||
| 650 |
_aUso sostenible _9344 |
||
| 650 |
_aPolítica ambiental _992286 |
||
| 650 |
_aBienes y servicios ambientales _94349 |
||
| 662 | _cLatinoamérica | ||
| 942 |
_cINFORME _2z |
||
| 999 |
_c3285 _d3285 |
||